[Event "NOR-ch Class2"]
[Site "Lillehammer"]
[Date "2013.06.29"]
[Round "6"]
[White "Wolf, Ronald"]
[Black "Aune, Finn Roar"]
[Result "0-1"]
[WhiteElo "1546"]
[BlackElo "1656"]
[PlyCount "66"]
[EventDate "2013.06.29"]
[EventType "swiss"]
[EventRounds "9"]
[EventCountry "NOR"]
[SourceTitle "EXT 2017"]
[Source "ChessBase"]
[SourceDate "2016.10.25"]
[SourceVersion "1"]
[SourceVersionDate "2016.10.25"]
[SourceQuality "1"]

1. e4 e6 2. d4 d5 3. Nc3 Nf6 4. Bg5 Bb4 5. e5 h6 6. Bxf6 gxf6 7. f4 c5 8. a3 Bxc3+ 9. bxc3 fxe5 10. dxe5 Nc6 11. Nf3 Qa5 12. Qd2 Bd7 13. Be2 d4 14. cxd4 Qxd2+ 15. Kxd2 Nxd4 16. Nxd4 cxd4 17. Bf3 0-0-0 18. Rab1 b6 19. Rb4 Rhf8 20. Rxd4 Bc6 21. Rxd8+ Rxd8+ 22. Ke3 Bxf3 23. gxf3 Rg8 24. Kf2 Rd8 25. Ke3 Rd5 26. Rg1 Kd7 27. Rg7 Ke7 28. Rh7 Ra5 29. Rxh6 Rxa3+ 30. Ke2 Rc3 31. h4 Rxc2+ 32. Ke1 a5 33. h5 a4 0-1